00309cam6a220012100 4500001001200000008004100012035001900053035001800072100002700090245005400117260001000171004000600181zam00003585951128s1973 xx eng u a(Sirsi) r20910 a(MACHINE)SLC. aWebor, G. T.6A82459.110aBacterial & fungal diseases of plants in Tropics. c1973.20910